000 00699nam a2200229Ia 4500
003 OSt
005 20220923211703.0
006 a|||||r|||| 00| 0
007 ta
008 Pun
024 _a42,955
037 _cTextual
040 _aARTS
_cARTS
_bPun
041 _2Pun
_aPun
082 _aO153,2N14x, J6
100 _aਸਿੰਘ, ਹਰਚਰਨ
245 0 _aਜੀਵਨ ਲੀਲਾ੍ਹ
_b ਸੱਤ ਇਕ ਅੰਗੀ ਨਾਟਕਾਂ ਦਾ ਸੰਗ੍ਰਹਿ
250 _a7ਵਾ
260 _aਲੁਧਿਆਣਾ
_b ਲਾਹੌਰ ਬੁਕ Fਾਪ
_c1956
942 _hO153,2N14x, J6
_cTEXL
_2CC
999 _c302605
_d302605